000 00704cam a2200229 4500
008 000000n1999 000 0 eng u
020 _a1860813577
035 _a(Sirsi) u105365
041 _aENG
050 _a690.0285
110 _aBuilding Centre Trust
_93162
245 _aTransforming traditional processes in a small surveying practice : Robinson Low Francis.
260 _aLondon
_bCRC Ltd
_c1999
300 _a6p. ; 30cm.
490 _aIT Case Study
_v7
650 _aSMALL FIRMS
650 _aBUILT ENVIRONMENT-QUANTITY SURVEYING
650 _aSOFTWARE
690 _aMANAGEMENT-BUSINESS MANAGEMENT-INFORMATION MANAGEMENT
710 _aBuilding Research Establishment
942 _n0
999 _c100372
_d100372